| Tag |
First Indicator |
Second Indicator |
Subfields |
| LEADER |
00000cam a22000008a 4500 |
| 001 |
in00000033283 |
| 005 |
20151007060546.0 |
| 008 |
871116s1988 enka b 00100 eng |
| 010 |
|
|
|a 87033981
|
| 020 |
|
|
|a 0471918474 :
|c $40.00
|
| 035 |
|
|
|a (OCoLC)17106282
|
| 035 |
|
|
|9 AAC1138AM
|
| 040 |
|
|
|a DLC
|c DLC
|d TXA
|d UtOrBLW
|
| 049 |
|
|
|a TXAM
|c [A12635135]
|
| 050 |
0 |
0 |
|a QA278.5
|b .C657 1988
|
| 082 |
0 |
|
|a 519.5/354
|2 19
|
| 245 |
0 |
0 |
|a Component and correspondence analysis :
|b dimension reduction by functional approximation /
|c edited by Jan L.A. van Rijckevorsel, Jan de Leeuw.
|
| 264 |
|
1 |
|a Chichester [West Sussex] ;
|a New York :
|b Wiley,
|c [1988]
|
| 264 |
|
4 |
|c ©1988
|
| 300 |
|
|
|a xiii, 146 pages :
|b illustrations
|
| 336 |
|
|
|a text
|b txt
|2 rdacontent
|
| 337 |
|
|
|a unmediated
|b n
|2 rdamedia
|
| 338 |
|
|
|a volume
|b nc
|2 rdacarrier
|
| 490 |
1 |
|
|a Wiley series in probability and mathematical statistics
|
| 504 |
|
|
|a Bibliography: pages 137-142.
|
| 500 |
|
|
|a Includes index.
|
| 650 |
|
0 |
|a Principal components analysis.
|
| 650 |
|
0 |
|a Correlation (Statistics)
|
| 700 |
1 |
|
|a Rijckevorsel, Jan L. A. van.
|
| 700 |
1 |
|
|a Leeuw, Jan de.
|
| 830 |
|
0 |
|a Wiley series in probability and mathematical statistics.
|
| 999 |
|
|
|a MARS
|
| 999 |
f |
f |
|s 62ebc50f-521e-385e-9066-0b463d519555
|i 3609cbba-47aa-341a-916d-d3f16ea961ff
|t 0
|
| 952 |
f |
f |
|p normal
|a Texas A&M University
|b College Station
|c Sterling C. Evans Library
|d Evans: Library Stacks
|t 0
|e QA278.5 .C657 1988
|h Library of Congress classification
|i unmediated -- volume
|m A14812635135
|
| 998 |
f |
f |
|a QA278.5 .C657 1988
|t 0
|l Evans: Library Stacks
|